NCAA FOOTBALL HEISMAN WINNERS - SUDDEN DEATH - Statistics

General Stats
  • This quiz has been taken 974 times
    951 since last reset
  • The average score is 6 of 10
Answers on the Grid
Answers color-coded by a green-red scale on the quiz's grid according to % correct below.
Tim Tebow
Myles Garrett
Robert Griffin III
Calvin Johnson
Randy Moss
DeVonta Smith
Peyton Manning
Cam Newton
Michael Vick
Andrew Luck
Lamar Jackson
Johnny Manziel
Baker Mayfield
Christian McCaffrey
Eric Dickerson
Vince Young
Charles Woodson
Marcus Mariota
Deion Sanders
Joe Burrow
 
Answer Stats
Answer % Correct
Tim Tebow
87%
Robert Griffin III
72%
Cam Newton
69%
Johnny Manziel
68%
DeVonta Smith
65%
Lamar Jackson
63%
Joe Burrow
59%
Baker Mayfield
58%
Marcus Mariota
44%
Charles Woodson
41%
No matching quizzes found
Score Distribution
Percent of People with Each Score
Percentile by Number Answered
Your Score History
You have not taken this quiz since the last reset